000 00762nam a2200253Ia 4500
003 OSt
005 20220925230620.0
006 a|||||r|||| 00| 0
007 ta
008 220923b |||||||| |||| 00| 0 eng d
020 _a9780300175356
_c1360.9200000000001
037 _bCBS/277, 14/03/2014, CLASSIC BOOKS SERVICES
_cGeneral Book
040 _aRTL
_cRTL
_beng
041 _2eng
_aeng
082 _aY237, Q3
100 _aGRAYLING A.C
_928144
245 0 _aFriendship
260 _aLondon
_bYale University Press
_c2013
300 _axii, 229p.
_ccm.
500 _aAppendix: p 616-621
650 _aSociology
942 _hY237, Q3
_cGB
_2CC
999 _c586118
_d586118